000 00366 a2200157 4500
001 169071
020 _a
040 _cMagnum
100 _aOliveira, Zilma de Moraes Ramos de (Org.)
240 1 0 _aEducacao infantil: muitos olhares
_lpor
245 1 0 _aEducacao infantil: muitos olhares
362 0 _a1899
440 1 _aCortez
697 _aENSINO
942 _cBK
999 _c169071
_d169071